Now or never : how companies must change today to win the battle for the Internet consumer /

Understanding internet consumers. Exploiting internet business models. Defying the gravity of the old ways of doing business.

Wedi'i Gadw mewn:
Manylion Llyfryddiaeth
Prif Awdur: Modhal, Mary.
Fformat: Llyfr
Iaith:English
Cyhoeddwyd: London : Orion Business, 2000.
Pynciau:
Tagiau: Ychwanegu Tag
Dim Tagiau, Byddwch y cyntaf i dagio'r cofnod hwn!
Thư viện lưu trữ: Mạng thư viện Đại học Đà Nẵng
LEADER 01164cam a2200385 i 4500
001 000047456
003 7133
005 20030311105215.0
008 010320|2000 vm 000 eng
020 |a 1842030019 
040 |a IRC  |c IRC  |d IRC 
041 0 |a eng 
082 1 4 |a 658.054678  |b MO-M 
100 1 |a Modhal, Mary. 
245 0 0 |a Now or never :  |b how companies must change today to win the battle for the Internet consumer /  |c Mary Modahl. 
260 |a London :  |b Orion Business,  |c 2000. 
300 |a xxviii, 237 p. :  |b ill. ;  |c 24cm. 
520 3 |a Understanding internet consumers. Exploiting internet business models. Defying the gravity of the old ways of doing business. 
630 0 4 |a Business. 
630 0 4 |a Internet marketing. 
630 0 4 |a Teleshopping. 
650 0 4 |a Internet marketing. 
650 0 4 |a Teleshopping. 
650 0 4 |a Consumer behavior. 
650 0 4 |a Business  |x Computer network resources. 
OWN |a DUT 
999 |a From the UDN01 
TYP |a Monograph 
TYP |a Printed language 
980 |a Mạng thư viện Đại học Đà Nẵng